[Event "66th ch-RUS HL"]
[Site "Yekaterinburg RUS"]
[Date "2013.06.22"]
[Round "3.13"]
[White "Ovetchkin, Roman"]
[Black "Lysyj, Igor"]
[Result "1/2-1/2"]
[WhiteTitle "GM"]
[BlackTitle "GM"]
[WhiteElo "2529"]
[BlackElo "2656"]
[WhiteFideId "4119991"]
[BlackFideId "4150120"]
[EventDate "2013.06.20"]

1. e4 e5 2. Nf3 Nc6 3. Nc3 Nf6 4. d4 exd4 5. Nxd4 Bb4 6. Nxc6 bxc6 7. Bd3 O-O 8.
O-O d5 9. exd5 cxd5 10. Bg5 c6 11. Qf3 Be7 12. h3 Be6 13. Rae1 Rb8 14. Nd1 h6
15. Bxh6 gxh6 16. Rxe6 fxe6 17. Qg3+ Kh8 18. Qg6 Qe8 19. Qxh6+ Kg8 20. Qg5+ Kh8
21. Qh6+ Kg8 22. Qg5+ Kh8 23. Qh6+ 1/2-1/2

[Event "66th ch-RUS HL"]
[Site "Yekaterinburg RUS"]
[Date "2013.06.22"]
[Round "3.14"]
[White "Predke, Alexandr"]
[Black "Najer, Evgeniy"]
[Result "1-0"]
[BlackTitle "GM"]
[WhiteElo "2492"]
[BlackElo "2633"]
[WhiteFideId "24107581"]
[BlackFideId "4118987"]
[EventDate "2013.06.20"]

1. d4 Nf6 2. c4 e6 3. Nc3 Bb4 4. e3 O-O 5. Bd3 c5 6. Nf3 d5 7. O-O Nc6 8. cxd5
exd5 9. dxc5 Bxc5 10. h3 Qe7 11. b3 Be6 12. Bb2 Rad8 13. Ne2 Ne4 14. Rc1 Bd6 15.
Bb1 Bb8 16. Nfd4 Bd7 17. Nf4 Bxf4 18. exf4 a6 19. Nxc6 Bxc6 20. Qd4 f6 21. Rfe1
Qf7 22. f3 Nd6 23. g4 Rde8 24. Qd3 g6 25. Kf2 Rxe1 26. Rxe1 Re8 27. Rxe8+ Nxe8
28. Qd4 Qe7 29. h4 Kf7 30. Bc3 Ng7 31. f5 gxf5 32. g5 Nh5 33. Bxf5 Qd6 34. Qg4
Qh2+ 35. Ke3 Ng3 36. Bd3 Qg1+ 37. Kd2 Qf2+ 38. Kd1 Bb5 39. Be1 Qxa2 40. g6+ Ke7
41. Qb4+ Ke6 42. Bxg3 Bxd3 43. Qd6+ Kf5 44. Qxd5+ Kxg6 45. Qg8+ 1-0

[Event "66th ch-RUS HL"]
[Site "Yekaterinburg RUS"]
[Date "2013.06.22"]
[Round "3.15"]
[White "Popov, Ivan RUS"]
[Black "Iskusnyh, Sergei"]
[Result "1/2-1/2"]
[WhiteTitle "GM"]
[BlackTitle "GM"]
[WhiteElo "2632"]
[BlackElo "2489"]
[WhiteFideId "4170350"]
[BlackFideId "4120027"]
[EventDate "2013.06.20"]

1. e4 e6 2. d4 d5 3. Nc3 Nf6 4. Bg5 dxe4 5. Nxe4 Nbd7 6. Nxf6+ Nxf6 7. Nf3 h6 8.
Be3 Bd6 9. Bd3 O-O 10. Qd2 Nd5 11. O-O b6 12. c4 Nxe3 13. Qxe3 Bb7 14. Be4 Bxe4
15. Qxe4 c5 16. Rad1 Qc7 17. g3 Rad8 18. b3 Rfe8 19. Rd3 cxd4 20. Nxd4 Bc5 21.
Rfd1 a6 22. Nf3 Rxd3 23. Qxd3 Qb7 24. Ne5 b5 25. Nd7 Be7 26. c5 Rd8 27. b4 Qc6
28. f3 f5 29. Kf2 Kh8 30. f4 Qb7 31. a3 Qc7 32. Ke2 Kh7 33. h4 Kh8 34. h5 Kh7
35. Kf2 Qb7 36. Qd4 Qc6 37. Qd3 Qb7 38. Qd4 Qc6 39. Qd3 1/2-1/2

[Event "66th ch-RUS HL"]
[Site "Yekaterinburg RUS"]
[Date "2013.06.22"]
[Round "3.17"]
[White "Panarin, Mikhail"]
[Black "Sek, Konstantin"]
[Result "0-1"]
[WhiteTitle "GM"]
[WhiteElo "2565"]
[BlackElo "2463"]
[WhiteFideId "4153251"]
[BlackFideId "24104302"]
[EventDate "2013.06.20"]

1. e4 Nf6 2. e5 Nd5 3. d4 d6 4. Nf3 g6 5. Bc4 Nb6 6. Bb3 Bg7 7. exd6 cxd6 8. h3
O-O 9. O-O Nc6 10. Nc3 Na5 11. d5 Nbc4 12. Re1 Qc7 13. Rb1 a6 14. Ne2 b5 15. Nf4
Bb7 16. c3 Nxb3 17. axb3 Ne5 18. Nd4 Rae8 19. Be3 Qc8 20. Rc1 e6 21. dxe6 fxe6
22. f3 Rf6 23. Qd2 Qa8 24. Rf1 Nf7 25. Nd3 e5 26. Ne2 d5 27. Ng3 h5 28. Rce1 Rd6
29. Nc5 Bc6 30. b4 a5 31. bxa5 Qxa5 32. Ra1 Qd8 33. Ra7 h4 34. Nh1 d4 35. cxd4
exd4 36. Bf4 Rd5 37. Nd3 g5 38. Rc1 Bd7 39. Bh2 Bf5 40. Rcc7 Rd7 41. Rxd7 Bxd7
42. Nhf2 Bf5 43. Rc7 Re3 44. Rc5 Qd7 45. Kh1 Bf8 46. Rc7 Qe6 47. Bg1 Bd6 48. Rc6
Qd5 49. Ra6 Qc4 50. Nc1 Bb4 51. Qd1 Re1 0-1

[Event "66th ch-RUS HL"]
[Site "Yekaterinburg RUS"]
[Date "2013.06.22"]
[Round "3.18"]
[White "Kozlitin, Roman"]
[Black "Eliseev, Urii"]
[Result "0-1"]
[WhiteTitle "FM"]
[BlackTitle "IM"]
[WhiteElo "2361"]
[BlackElo "2557"]
[WhiteFideId "4142845"]
[BlackFideId "24131920"]
[EventDate "2013.06.20"]

1. e4 c5 2. Nf3 d6 3. d4 cxd4 4. Nxd4 Nf6 5. Nc3 Nc6 6. Be3 Ng4 7. Bc1 Nf6 8.
Be3 Ng4 9. Bc1 Nf6 10. f3 e6 11. Be3 Be7 12. Qd2 O-O 13. O-O-O a6 14. g4 Nxd4
15. Qxd4 Nd7 16. h4 b5 17. g5 Bb7 18. Rg1 Qa5 19. h5 b4 20. Nb1 Rac8 21. h6 e5
22. Qd2 g6 23. b3 Qxa2 24. Bc4 Rxc4 25. bxc4 Qxc4 26. Qd3 Qc7 27. Rd2 a5 28. Kb2
Ra8 29. c3 Ba6 30. Qc2 Nb6 31. Ka1 Nc4 32. Re2 Na3 33. Nxa3 Bxe2 34. c4 Bxf3 35.
Nb1 d5 36. Nd2 dxe4 37. c5 Qc6 38. Nc4 Bxc5 39. Nb2 Rc8 40. Rc1 Bxe3 41. Qxc6
Rxc6 42. Rxc6 Kf8 43. Rc8+ Ke7 44. Rh8 Bd4 45. Ka2 e3 46. Rxh7 e2 47. Nd3 Bd5+ 0-1

[Event "66th ch-RUS HL"]
[Site "Yekaterinburg RUS"]
[Date "2013.06.22"]
[Round "3.19"]
[White "Airapetian, Gor"]
[Black "Dvoirys, Semen I."]
[Result "0-1"]
[WhiteTitle "IM"]
[BlackTitle "GM"]
[WhiteElo "2448"]
[BlackElo "2533"]
[WhiteFideId "4177916"]
[BlackFideId "4100379"]
[EventDate "2013.06.20"]

1. d4 Nf6 2. c4 e6 3. Nf3 b6 4. g3 Ba6 5. b3 d5 6. cxd5 exd5 7. Bg2 Bd6 8. O-O
O-O 9. Nc3 Nbd7 10. Bf4 Bxf4 11. gxf4 c6 12. Qd2 Ng4 13. Rac1 Qf6 14. Ne5 Qh4
15. Nxg4 Qxg4 16. Kh1 Nf6 17. Bf3 Qh4 18. Rg1 Qxf2 19. Nd1 Qh4 20. Rxc6 Ne4 21.
Bxe4 dxe4 22. Ne3 f5 23. Rc7 g6 24. Nd5 Rf7 25. Rxf7 Kxf7 26. Nc7 Bb7 27. e3 Rd8
28. Qe2 Qe7 29. Qc4+ Kf6 30. d5 Qc5 31. Qxc5 bxc5 32. Rc1 Ke7 33. Rxc5 Rd7 34.
b4 Kd8 35. Ne6+ Ke7 36. Nc7 Kd8 37. Ne6+ Ke7 38. Nd4 Bxd5 39. a3 Kd6 40. Kg2 a6
41. Kf2 Rc7 42. Rxc7 Kxc7 43. Ke1 Bf7 44. Kd2 Kd6 45. Kc3 Be8 46. h4 Kd5 47. Nb3
Bb5 48. Nc5 h6 49. a4 Be2 50. Nd7 Bd1 51. Nc5 Be2 52. Nd7 Bd1 53. a5 Be2 54. Nf8
Bh5 55. b5 axb5 56. Kb4 g5 57. hxg5 hxg5 58. Nh7 gxf4 59. Nf6+ Ke5 60. Nxh5 fxe3
61. Ng3 f4 62. a6 fxg3 63. a7 e2 0-1

[Event "66th ch-RUS HL"]
[Site "Yekaterinburg RUS"]
[Date "2013.06.22"]
[Round "3.20"]
[White "Ulanov, Alexandr"]
[Black "Prizant, Jaroslav"]
[Result "0-1"]
[WhiteTitle "IM"]
[BlackTitle "IM"]
[WhiteElo "2425"]
[BlackElo "2515"]
[WhiteFideId "24107646"]
[BlackFideId "4140664"]
[EventDate "2013.06.20"]

1. b3 e5 2. Bb2 Nc6 3. e4 Nf6 4. Nc3 Bb4 5. Nd5 Bc5 6. d3 O-O 7. Qd2 d6 8. b4
Nxd5 9. bxc5 Nde7 10. cxd6 cxd6 11. g3 d5 12. Bg2 dxe4 13. Bxe4 Bf5 14. Bg2 Qb6
15. Ba3 Rfd8 16. Ne2 e4 17. Nf4 Ng6 18. O-O Nd4 19. Kh1 exd3 20. cxd3 Nxf4 21.
Qxf4 Bxd3 22. Rfd1 Bc2 23. Rd2 Ne6 24. Qb4 Rxd2 25. Qxd2 Ba4 26. Rc1 Bc6 27.
Bxc6 bxc6 28. Qd7 c5 29. Qd5 Rd8 30. Qf3 h6 31. h4 Qb5 32. Qe4 Qa5 33. Qe3 Rd5
34. Kg2 Qb5 35. Qe4 Rd8 36. Rb1 Qa6 37. Rb3 c4 38. Qb7 Qxb7+ 39. Rxb7 Rd2 40.
Bb2 Nc5 41. Rc7 Ne4 42. Kf3 Nxf2 43. Bc1 Rxa2 44. Rxc4 Nd3 45. Rc8+ Kh7 46. Be3
Ra4 47. Rc7 Ne5+ 48. Kg2 a6 49. Bf4 Ra2+ 50. Kf1 f6 51. Bxe5 fxe5 52. Re7 Kg6
53. Rxe5 a5 54. Rb5 a4 55. g4 a3 56. Ra5 Kf7 57. h5 Ke6 58. Ke1 Ke7 59. Ra6 Kd7
60. Kd1 Ke7 61. Ke1 Ra1+ 62. Kf2 Kd7 63. Kg2 Kc7 64. Rg6 Kb8 65. Kh2 Rc1 66.
Rb6+ Ka7 67. Rb3 Ra1 68. Kg2 Ka6 69. Rf3 Kb5 70. Rf5+ Kc4 71. Rf4+ Kd3 72. Rf3+
Ke4 73. Rb3 Kf4 74. Rb4+ Kg5 75. Ra4 Kh4 76. Rb4 Rc1 77. Ra4 Rc3 78. Ra7 Rg3+
79. Kh2 Rxg4 80. Rxa3 Kxh5 81. Kh3 Rb4 82. Rc3 g5 83. Ra3 Rf4 84. Kg3 Kg6 85.
Ra5 Rf6 86. Ra3 Rb6 87. Rc3 h5 88. Ra3 Rb5 89. Rc3 h4+ 90. Kh3 Kh5 91. Rc2 g4+
92. Kh2 Kg5 93. Ra2 Rc5 94. Rb2 Rd5 95. Ra2 h3 96. Rb2 Rc5 97. Ra2 Rb5 98. Rc2
Kh4 99. Rc1 g3+ 100. Kh1 Rb4 101. Ra1 Rd4 102. Rb1 h2 0-1

[Event "66th ch-RUS HL"]
[Site "Yekaterinburg RUS"]
[Date "2013.06.22"]
[Round "3.21"]
[White "Vokarev, Sergey"]
[Black "Nozdrachev, Leonid"]
[Result "1-0"]
[WhiteTitle "GM"]
[BlackTitle "FM"]
[WhiteElo "2472"]
[BlackElo "2389"]
[WhiteFideId "4119711"]
[BlackFideId "24113433"]
[EventDate "2013.06.20"]

1. e4 e5 2. Nf3 Nc6 3. Bb5 a6 4. Bxc6 dxc6 5. Nc3 Qf6 6. d4 exd4 7. Bg5 Qg6 8.
Qxd4 f6 9. O-O-O Be7 10. Bf4 Qxg2 11. Nd2 c5 12. Qc4 c6 13. Rhg1 Qxf2 14. Rxg7
Qxf4 15. Qf7+ Kd7 16. Rdg1 b5 17. Nd5 cxd5 18. Qxd5+ Qd6 19. Qxa8 Qe6 20. Nf1
Qh3 21. Qd5+ Kc7 22. Qxc5+ Kb8 23. Qb6+ Ka8 24. Ne3 Be6 25. Nf5 Bxf5 26. exf5 1-0

[Event "66th ch-RUS HL"]
[Site "Yekaterinburg RUS"]
[Date "2013.06.22"]
[Round "3.22"]
[White "Yuferev, Oleg"]
[Black "Voitsekhovsky, Stanislav"]
[Result "0-1"]
[WhiteTitle "FM"]
[BlackTitle "GM"]
[WhiteElo "2284"]
[BlackElo "2523"]
[WhiteFideId "4131720"]
[BlackFideId "4113470"]
[EventDate "2013.06.20"]

1. Nf3 f5 2. g3 Nf6 3. Bg2 e6 4. c4 Be7 5. O-O O-O 6. d4 d6 7. Nc3 a5 8. b3 Qe8
9. Re1 d5 10. Ne5 c6 11. c5 Nbd7 12. Nd3 Ne4 13. Na4 Bf6 14. Bb2 e5 15. e3 exd4
16. exd4 Qd8 17. f3 Ng5 18. h4 Nf7 19. Nf4 Nb8 20. Nb6 Ra7 21. Qd2 Nh8 22. Bc3
Ng6 23. Nh3 Nd7 24. h5 Nh8 25. Na4 Nf7 26. Re2 Ng5 27. Rae1 Nxh3+ 28. Bxh3 Bg5
29. f4 Bh6 30. Bxf5 Nf6 31. Qd3 Bxf5 32. Qxf5 Kh8 33. Qe6 Nxh5 34. Qh3 Nf6 35.
Nb6 Ne4 36. Rxe4 dxe4 37. Rxe4 Re8 38. Qh4 Kg8 39. Qxd8 Rxd8 40. Re7 a4 41. bxa4
g5 42. Kf2 gxf4 43. gxf4 Bxf4 44. Kf3 Bg5 45. Re5 Bf6 46. Re4 h5 47. a5 Kg7 48.
Ke3 Kg6 49. Kd3 h4 50. Rg4+ Kf5 51. Rg1 Be5 52. Nc4 Bg3 53. Rf1+ Ke6 54. Ne3
Raa8 55. d5+ cxd5 56. Rf6+ Kd7 57. Rh6 Ra6 58. Rh7+ Kc8 59. Nf5 d4 60. Nxd4 Rf6
61. Bd2 Be5 62. Rxh4 Bxd4 63. Rxd4 Rxd4+ 64. Kxd4 Kd7 65. a3 Kc6 66. Bb4 Rf4+
67. Ke5 Rc4 68. Ke6 Re4+ 69. Kf5 Re8 70. Kf6 Kd5 71. Kf7 Re6 72. Bc3 Rc6 73. Bb4
Rc7+ 74. Kf6 Rd7 75. Kg5 Ke5 76. Bc3+ Ke6 77. Bb4 Rd4 78. Kg6 Rg4+ 79. Kh5 Rg8
80. Kh6 Kf6 81. Bc3+ Kf5 82. Bb4 Rg3 83. Kh7 Kf6 84. a6 Kf7 85. Kh6 Rg6+ 86. Kh5
Rxa6 87. Kg5 Rf6 88. Bc3 Rf3 89. Bb4 Ke6 90. Kg4 Rf1 91. Bc3 Kd5 92. Bb4 Ke4 93.
Kg3 Rf6 94. Kg2 Ke3 95. Kg3 Rg6+ 96. Kh4 Kd4 97. Kh3 Kc4 98. Kh2 Rg4 99. Kh3 Rg1
100. Kh2 Rb1 101. Ba5 Kxc5 102. Kg2 b6 103. Bc3 Rb3 104. Bf6 Kb5 105. Be7 Ka4
106. Kf2 Rxa3 107. Ke2 Rc3 108. Kd2 Rc6 0-1

[Event "66th ch-RUS HL"]
[Site "Yekaterinburg RUS"]
[Date "2013.06.22"]
[Round "3.23"]
[White "Ovod, Evgenija"]
[Black "Khegay, Dmitriy"]
[Result "1-0"]
[WhiteTitle "IM"]
[BlackTitle "FM"]
[WhiteElo "2387"]
[BlackElo "2349"]
[WhiteFideId "4131827"]
[BlackFideId "24153729"]
[EventDate "2013.06.20"]

1. d4 d6 2. Nf3 Nf6 3. c4 g6 4. Nc3 Bf5 5. Qb3 b6 6. g3 Nc6 7. Bg2 Bg7 8. e3 O-O
9. Nh4 Bd7 10. Qc2 e5 11. dxe5 Nxe5 12. f4 Nxc4 13. Bxa8 Qxa8 14. O-O b5 15. b3
Nb6 16. Bb2 Bc6 17. Rac1 b4 18. Nd1 Bb5 19. Re1 c5 20. e4 c4 21. bxc4 Nxc4 22.
Ba1 a5 23. Nf2 Qa7 24. Nf3 Ng4 25. h3 Nxf2 26. Qxf2 Qxf2+ 27. Kxf2 Nb2 28. Bxb2
Bxb2 29. Rc7 Rb8 30. Rd1 a4 31. Rxd6 a3 32. Nd2 Ba4 33. Ra7 Bc2 34. g4 Bc3 35.
e5 g5 36. e6 fxe6 37. fxg5 Re8 38. Ke2 Bg6 39. h4 e5 40. h5 Bf7 41. Ne4 Bc4+ 42.
Kd1 b3 43. Nxc3 bxa2 44. Rxa3 1-0

[Event "66th ch-RUS HL"]
[Site "Yekaterinburg RUS"]
[Date "2013.06.22"]
[Round "3.25"]
[White "Egorov, Dmitry"]
[Black "Shishigin, Dmitry"]
[Result "1-0"]
[WhiteTitle "FM"]
[WhiteElo "2355"]
[BlackElo "2230"]
[WhiteFideId "4128303"]
[BlackFideId "24104353"]
[EventDate "2013.06.20"]

1. e4 c5 2. c3 d5 3. exd5 Qxd5 4. d4 Nf6 5. Nf3 e6 6. Be2 Be7 7. O-O O-O 8. c4
Qd8 9. dxc5 Bxc5 10. Qc2 b6 11. Rd1 Qc7 12. Nc3 Bb7 13. h3 Nbd7 14. a3 Qg3 15.
Rf1 Ne5 16. Ne1 Qh4 17. Nd3 Qg3 18. Ne1 a6 19. b4 Bd4 20. Bb2 Bxg2 21. Nxg2 Qxh3
22. Rfd1 Bxf2+ 23. Kxf2 Nfg4+ 24. Bxg4 Nxg4+ 25. Ke1 Qh1+ 26. Kd2 Qxg2+ 27. Kc1
Qxc2+ 28. Kxc2 Ne3+ 29. Kb3 Nxd1 30. Rxd1 Rfd8 31. Rg1 f6 32. Na4 Rd3+ 33. Kc2
Rf3 34. Nxb6 Rd8 35. c5 Kf7 36. a4 g5 37. c6 Rd6 38. b5 axb5 39. axb5 Rf5 40.
Ba3 Rxb5 41. Bxd6 Rxb6 42. c7 Rc6+ 43. Kb2 Ke8 44. Rd1 h5 45. Bh2 1-0

[Event "66th ch-RUS HL"]
[Site "Yekaterinburg RUS"]
[Date "2013.06.23"]
[Round "4.5"]
[White "Vitiugov, Nikita"]
[Black "Matlakov, Maxim"]
[Result "1/2-1/2"]
[WhiteTitle "GM"]
[BlackTitle "GM"]
[WhiteElo "2734"]
[BlackElo "2665"]
[WhiteFideId "4152956"]
[BlackFideId "4168003"]
[EventDate "2013.06.20"]

1. c4 c5 2. Nf3 Nc6 3. Nc3 Nf6 4. g3 g6 5. d4 cxd4 6. Nxd4 Bg7 7. Bg2 O-O 8. O-O
Qa5 9. Nb3 Qh5 10. e4 d6 11. Qxh5 Nxh5 12. c5 dxc5 13. Nxc5 Rd8 14. Be3 Nf6 15.
h3 Nd7 16. Rfd1 Nxc5 17. Rxd8+ Nxd8 18. Bxc5 Nc6 19. Rc1 Be6 20. Nd5 Bxb2 21.
Rb1 Bd4 22. Bxd4 Nxd4 23. Rxb7 Kf8 24. Nc7 Rc8 25. Nxe6+ fxe6 26. Rxa7 Rc1+ 27.
Kh2 Rc2 28. Kg1 Rc1+ 29. Kh2 Rc2 30. Kg1 Rc1+ 1/2-1/2

[Event "66th ch-RUS HL"]
[Site "Yekaterinburg RUS"]
[Date "2013.06.23"]
[Round "4.6"]
[White "Alekseev, Evgeny"]
[Black "Demchenko, Anton"]
[Result "1/2-1/2"]
[WhiteTitle "GM"]
[BlackTitle "GM"]
[WhiteElo "2714"]
[BlackElo "2639"]
[WhiteFideId "4138147"]
[BlackFideId "4160258"]
[EventDate "2013.06.20"]

1. e4 c5 2. Nf3 d6 3. d4 cxd4 4. Qxd4 Nc6 5. Bb5 Bd7 6. Qd3 Nf6 7. c4 g6 8. Nc3
Bg7 9. h3 O-O 10. O-O a6 11. Bxc6 Bxc6 12. Nd4 Rc8 13. Be3 Nd7 14. Rac1 Nc5 15.
Qc2 Ne6 16. Nxe6 fxe6 17. Qb3 Qe8 18. f3 Qf7 19. Rfd1 h5 20. Ne2 Bf6 21. Nd4 g5
22. c5 Bxd4 23. Rxd4 d5 24. exd5 Bxd5 25. Qd3 Qf5 26. Qd2 Bxa2 27. b4 Bd5 28.
Bxg5 Rf7 29. h4 Qg6 30. Kh2 Kh7 31. Qe3 Rg8 32. Rd2 Rgg7 33. Re1 Rf5 34. Qf2 Qe8
35. Rd4 Qc6 36. Rd3 a5 37. bxa5 Qc7+ 38. Kh1 Qxa5 39. Rdd1 Rgf7 40. Qc2 Qa2 41.
Qxa2 Bxa2 42. Rd7 Rxc5 43. Rxb7 Kg6 44. Kh2 Bd5 45. Rb8 Kg7 46. Kg3 Kh7 47. Re3
Rg7 48. Rd8 Rb5 49. Rc8 Rb7 50. Re5 Rb5 51. Kh2 Rb2 52. Rf8 Bc4 53. Re1 Rg8 54.
Rf7+ Rg7 55. Rf4 Bd5 56. Kh3 Kg8 57. Re5 Rc2 58. Rd4 Kf7 59. Bd2 Rh7 60. Rg5 Rc4
61. Rd3 Rc2 62. Rd4 Rc4 63. Rd3 Rc2 64. Bc3 Bc4 65. Re3 Bd5 66. Be5 Rc8 67. g4
Rg8 68. Rxg8 Kxg8 69. Kg3 Rf7 70. Bf4 Rh7 71. Re1 Kf7 72. Re5 Rh8 73. Be3 Bc4
74. Bd4 Rd8 75. Re4 Bd3 76. Rf4+ Kg8 77. Bc5 Rd7 78. Rb4 Kf7 79. Rb8 Bg6 80. Rc8
e5 81. Rc6 Rd3 82. Rc7 e4 83. Rxe7+ Kg8 84. gxh5 Bxh5 85. Rxe4 Rxf3+ 86. Kh2 1/2-1/2

[Event "66th ch-RUS HL"]
[Site "Yekaterinburg RUS"]
[Date "2013.06.23"]
[Round "4.7"]
[White "Tomashevsky, Evgeny"]
[Black "Predke, Alexandr"]
[Result "1-0"]
[WhiteTitle "GM"]
[WhiteElo "2709"]
[BlackElo "2492"]
[WhiteFideId "4147235"]
[BlackFideId "24107581"]
[EventDate "2013.06.20"]

1. d4 Nf6 2. c4 e6 3. Nc3 Bb4 4. e3 O-O 5. Bd3 c5 6. Ne2 d5 7. cxd5 cxd4 8. exd4
Nxd5 9. O-O Nc6 10. Be4 Nf6 11. Bf3 Bd7 12. a3 Be7 13. b4 Qb8 14. Kh1 Rd8 15.
Bf4 Bd6 16. Bg5 Be7 17. Be3 a5 18. b5 Na7 19. a4 Nc8 20. Qb3 Nb6 21. Rfd1 Rc8
22. Bf4 Qa7 23. d5 exd5 24. Nxd5 Nfxd5 25. Bxd5 Nxd5 26. Qxd5 Be6 27. Qf3 Bc5
28. Be5 Bxf2 29. Nf4 Re8 30. Nh5 Qe3 31. Nf6+ Kh8 32. Qxe3 Bxe3 33. Nxe8 Rxe8
34. Bc7 b6 35. Ra3 Bc5 36. Rad3 Kg8 37. h3 Bc4 38. Rd8 Kf8 39. Bd6+ Bxd6 40.
R8xd6 Re6 41. Rxe6 Bxe6 42. Rd6 Bb3 43. Rxb6 Ke7 44. Ra6 1-0

[Event "66th ch-RUS HL"]
[Site "Yekaterinburg RUS"]
[Date "2013.06.23"]
[Round "4.8"]
[White "Eliseev, Urii"]
[Black "Riazantsev, Alexander"]
[Result "0-1"]
[WhiteTitle "IM"]
[BlackTitle "GM"]
[WhiteElo "2557"]
[BlackElo "2708"]
[WhiteFideId "24131920"]
[BlackFideId "4125029"]
[EventDate "2013.06.20"]

1. e4 c6 2. d4 d5 3. Nc3 dxe4 4. Nxe4 Bf5 5. Ng3 Bg6 6. Nf3 Nd7 7. h4 h6 8. h5
Bh7 9. Bd3 Bxd3 10. Qxd3 e6 11. Bd2 Ngf6 12. O-O-O Be7 13. Kb1 Qb6 14. Rhe1 c5
15. c4 cxd4 16. Nxd4 O-O 17. Ngf5 Bb4 18. Bxb4 Qxb4 19. a3 Qa5 20. b4 Qc7 21.
Nb5 Qf4 22. Nfd6 Qxf2 23. Nxb7 Qxg2 24. N7d6 a5 25. Rg1 Qh2 26. Qg3 Qxg3 27.
Rxg3 axb4 28. axb4 Nxh5 29. Rb3 Nf4 30. Nd4 Ra6 31. c5 Rfa8 32. c6 Nb6 33. Nc2
Nfd5 34. b5 Ra5 35. Rdd3 h5 36. Na3 Ra4 37. Kb2 h4 38. Nc2 g5 39. Rh3 Kg7 40.
Ra3 Rxa3 41. Nxa3 Rh8 0-1

[Event "66th ch-RUS HL"]
[Site "Yekaterinburg RUS"]
[Date "2013.06.23"]
[Round "4.9"]
[White "Sek, Konstantin"]
[Black "Nepomniachtchi, Ian"]
[Result "0-1"]
[BlackTitle "GM"]
[WhiteElo "2463"]
[BlackElo "2717"]
[WhiteFideId "24104302"]
[BlackFideId "4168119"]
[EventDate "2013.06.20"]

1. e4 c5 2. Nf3 d6 3. d4 cxd4 4. Nxd4 Nf6 5. Nc3 a6 6. h3 e5 7. Nb3 Be7 8. Be3
Be6 9. Qf3 Nbd7 10. g4 Nb6 11. O-O-O Nfd7 12. Kb1 Rc8 13. Nd5 Bxd5 14. exd5 Qc7
15. Bd3 Nc4 16. Bc1 b5 17. h4 a5 18. Nd2 Qb7 19. g5 a4 20. Bf5 Nxd2+ 21. Bxd2 g6
22. Bg4 Rc4 23. b3 axb3 24. cxb3 Rd4 25. Be3 Rxd1+ 26. Rxd1 h5 27. Bh3 O-O 28.
Qe4 Nc5 29. Bxc5 dxc5 30. Qxe5 Rd8 31. f4 Bf8 32. f5 Bg7 33. f6 Bf8 34. Qe4 c4
35. Bf1 cxb3 36. axb3 Ra8 37. Qd4 Qa6 38. Rd2 Bc5 39. Qb2 Bb4 40. Rc2 Qa7 41.
Rc6 Bc5 42. Kc2 Bd4 43. Qb1 Be5 44. Kd1 Qe3 45. Rc1 Ra1 46. Qc2 Bc3 0-1

[Event "66th ch-RUS HL"]
[Site "Yekaterinburg RUS"]
[Date "2013.06.23"]
[Round "4.10"]
[White "Dvoirys, Semen I."]
[Black "Shimanov, Aleksandr"]
[Result "0-1"]
[WhiteTitle "GM"]
[BlackTitle "GM"]
[WhiteElo "2533"]
[BlackElo "2664"]
[WhiteFideId "4100379"]
[BlackFideId "4198603"]
[EventDate "2013.06.20"]

1. e4 c6 2. Nc3 d5 3. Nf3 Nf6 4. e5 Ne4 5. Ne2 Qb6 6. d4 e6 7. g3 c5 8. Bg2 Nc6
9. O-O cxd4 10. Nexd4 Bc5 11. c3 O-O 12. Qe2 Bd7 13. Be3 a5 14. a4 Rac8 15. Rfd1
f6 16. exf6 Rxf6 17. Nxc6 Bxc6 18. Nd4 Be8 19. f3 Nd6 20. Bf2 Bg6 21. Bh3 Bf7
22. Rab1 Qa7 23. Kh1 Re8 24. b4 Bb6 25. bxa5 Qxa5 26. Nb5 Nc4 27. Nd6 Nxd6 28.
Rxb6 e5 29. Rb4 d4 30. Be1 e4 31. Rbxd4 exf3 32. Qf1 f2 33. Bxf2 Ne4 34. Rxe4
Rxe4 35. Qd3 Bg6 36. Qd8+ Qxd8 37. Rxd8+ Re8 38. Rd2 Be4+ 39. Kg1 Bc6 40. a5 Rf3
41. Rc2 Re5 42. Bg2 Rf6 43. Ra2 Rb5 44. h4 Bxg2 45. Kxg2 Ra6 46. Rd2 Raxa5 47.
Rd8+ Kf7 48. Bd4 Rd5 49. Rh8 h6 50. Kf3 Rd7 51. g4 Ra1 52. h5 Rf1+ 53. Kg3 b5
54. g5 hxg5 55. h6 gxh6 56. Rxh6 Rd5 57. Rb6 Re1 58. Kf3 Ke7 59. Kg4 Re4+ 60.
Kf3 Rf4+ 61. Kg3 Kd7 62. Bg7 Rc4 63. Rb8 Ke6 64. Kf3 Kf5 65. Ke3 Re4+ 66. Kf2
Rd2+ 0-1

[Event "66th ch-RUS HL"]
[Site "Yekaterinburg RUS"]
[Date "2013.06.23"]
[Round "4.11"]
[White "Khairullin, Ildar"]
[Black "Ovetchkin, Roman"]
[Result "1/2-1/2"]
[WhiteTitle "GM"]
[BlackTitle "GM"]
[WhiteElo "2658"]
[BlackElo "2529"]
[WhiteFideId "4151348"]
[BlackFideId "4119991"]
[EventDate "2013.06.20"]

1. d4 Nf6 2. c4 e6 3. Nf3 d5 4. g3 Bb4+ 5. Bd2 Bd6 6. Bg2 O-O 7. O-O Nbd7 8. b3
c6 9. Nc3 Re8 10. Qc2 dxc4 11. bxc4 e5 12. e3 exd4 13. exd4 Nf8 14. Nd1 Bd7 15.
Ne3 Qc8 16. Rfe1 Ne4 17. Bc1 Bh3 18. Bh1 Bb4 19. Rd1 Ng6 20. Rb1 Bf8 21. Rb3 c5
22. Ne1 cxd4 23. Bxe4 dxe3 24. Bxe3 b6 25. c5 bxc5 26. Bb7 Qg4 27. Bf3 Qc8 28.
Bb7 Qg4 29. Bf3 Qc8 30. Bb7 Qg4 1/2-1/2

[Event "66th ch-RUS HL"]
[Site "Yekaterinburg RUS"]
[Date "2013.06.23"]
[Round "4.12"]
[White "Lysyj, Igor"]
[Black "Prizant, Jaroslav"]
[Result "0-1"]
[WhiteTitle "GM"]
[BlackTitle "IM"]
[WhiteElo "2656"]
[BlackElo "2515"]
[WhiteFideId "4150120"]
[BlackFideId "4140664"]
[EventDate "2013.06.20"]

1. d4 d5 2. c4 e6 3. Nf3 c6 4. Nbd2 f5 5. g3 Nd7 6. Bg2 Bd6 7. O-O Ngf6 8. Ne1
O-O 9. Nd3 Ne4 10. Qc2 Qe7 11. c5 Bc7 12. Nf3 g5 13. b3 Qg7 14. Nfe5 Nef6 15.
Rb1 Nxe5 16. dxe5 Ng4 17. f4 gxf4 18. gxf4 Kh8 19. h3 Nh6 20. Ne1 Rg8 21. Be3
Bd7 22. Bf2 Be8 23. b4 Bh5 24. Rb3 a6 25. Rg3 Qf7 26. Rxg8+ Nxg8 27. Bh4 Bd8 28.
Bf2 Ne7 29. Kh2 Ng6 30. Nd3 Bh4 31. Bd4 Rg8 32. Bh1 Nxf4 0-1

[Event "66th ch-RUS HL"]
[Site "Yekaterinburg RUS"]
[Date "2013.06.23"]
[Round "4.13"]
[White "Sjugirov, Sanan"]
[Black "Iskusnyh, Sergei"]
[Result "1-0"]
[WhiteTitle "GM"]
[BlackTitle "GM"]
[WhiteElo "2647"]
[BlackElo "2489"]
[WhiteFideId "4189302"]
[BlackFideId "4120027"]
[EventDate "2013.06.20"]

1. e4 e6 2. d4 d5 3. e5 c5 4. c3 Nc6 5. Nf3 Nh6 6. Bd3 cxd4 7. cxd4 Nf5 8. Bc2
Qb6 9. Bxf5 exf5 10. O-O Be6 11. Nc3 Be7 12. Na4 Qd8 13. Be3 b6 14. Rc1 Rc8 15.
Nc3 O-O 16. Ne2 h6 17. g3 Qd7 18. h4 Rc7 19. Nf4 Rfc8 20. Bd2 Nd8 21. Rxc7 Qxc7
22. Qb1 Qd7 23. Rd1 Qa4 24. Bc3 Nc6 25. Rc1 g5 26. hxg5 hxg5 27. Ne2 Kg7 28. Kg2
Qa6 29. Qc2 g4 30. Ne1 Bg5 31. Ra1 Qb7 32. Nd3 Ne7 33. Rh1 Ng6 34. Qd1 Qa6 35.
Rh5 Bh6 36. Bd2 f4 37. Ndxf4 Bxf4 38. Nxf4 Nxf4+ 39. Bxf4 Qxa2 40. Bh6+ Kg6 41.
Qd2 f6 42. exf6 Kf7 43. Rg5 1-0